=LDR 00000nam 2200000 4500 =001 INLIS000000000000933 =005 20200916104905 =035 ##$$a 0010-061300000000933 =008 200916################g##########0#ind## =041 ##$$a Ind =090 ##$$a 303.409 598 2, Kur-m =100 ##$$a Kurasawa, Aiko =245 1#$$a Mobilisasi dan kontrol : $b Studi tentang perubahan sosial di pedesaan Jawa 1942-1945 /$c Aiko Kurasawa; alih bahasa Herwawan Sulistyo =260 ##$$a Jakarta :$b Gramedia,$c 1993 =300 ##$$a xxxv, 563 hlm : $b Ilus ; $c 21 x 14 cm =650 #4$$a Sosial =650 #4$$a Perubahan =650 #4$$a Jawa =700 #$$a Sulistiyo, Herwawan =850 ##$$a NBPNMAT =020 ##$$a 979-553-261-8 =082 ##$$a 303.4 =084 ##$$a 303.4 KUR m =990 ##$$a 62.890/pb.93 =990 ##$$a 62.891/pb.93 =990 ##$$a 8959 =990 ##$$a 82.132/pro.95 =990 ##$$a DW99002791 =990 ##$$a DW99002792 =990 ##$$a 82.131/pro.95 =990 ##$$a 8958 =990 ##$$a 8960 =990 ##$$a 8957 =990 ##$$a DW99002791 =990 ##$$a 62.890/pb.93 =990 ##$$a 62.891/pb.93 =990 ##$$a 8959 =990 ##$$a 82.132/pro.95 =990 ##$$a DW99002792 =990 ##$$a 82.131/pro.95 =990 ##$$a 8958 =990 ##$$a 8960 =990 ##$$a 8957 =990 ##$$a DW99002792 =990 ##$$a 62.890/pb.93 =990 ##$$a 62.891/pb.93 =990 ##$$a 8959 =990 ##$$a 82.132/pro.95 =990 ##$$a DW99002791 =990 ##$$a 82.131/pro.95 =990 ##$$a 8958 =990 ##$$a 8960 =990 ##$$a 8957 =990 ##$$a 62.891/pb.93 =990 ##$$a 62.890/pb.93 =990 ##$$a 8959 =990 ##$$a 82.132/pro.95 =990 ##$$a DW99002791 =990 ##$$a DW99002792 =990 ##$$a 82.131/pro.95 =990 ##$$a 8958 =990 ##$$a 8960 =990 ##$$a 8957 =990 ##$$a 62.891/pb.93 =990 ##$$a 62.890/pb.93 =990 ##$$a 8959 =990 ##$$a 82.132/pro.95 =990 ##$$a DW99002791 =990 ##$$a DW99002792 =990 ##$$a 82.131/pro.95 =990 ##$$a 8958 =990 ##$$a 8960 =990 ##$$a 8957 =990 ##$$a 62.891/pb.93 =990 ##$$a 62.890/pb.93 =990 ##$$a 8959 =990 ##$$a 82.132/pro.95 =990 ##$$a DW99002791 =990 ##$$a DW99002792 =990 ##$$a 82.131/pro.95 =990 ##$$a 8958 =990 ##$$a 8960 =990 ##$$a 8957